Silencio-Luz (Record no. 175595)
[ view plain ]
| 000 -LEADER | |
|---|---|
| campo de control de longitud fija | 00871nam a2200241 4500 |
| 001 - NÚMERO DE CONTROL | |
| campo de control | 175595 |
| 003 - IDENTIFICADOR DE NÚMERO DE CONTROL | |
| campo de control | ES-MaACL |
| 005 - FECHA Y HORA DE LA ÚLTIMA TRANSACCIÓN | |
| campo de control | 20250813063337.0 |
| 008 - DATOS DE LONGITUD FIJA--INFORMACIÓN GENERAL | |
| campo de control de longitud fija | 101110s2005 sp af |||| |dglg |
| 080 ## - NÚMERO DE LA CLASIFICACIÓN DECIMAL UNIVERSAL | |
| Número de la Clasificación Decimal Universal | 75 Ares, Berta (083.824) |
| 100 1# - ENTRADA PRINCIPAL--NOMBRE DE PERSONA | |
| Nombre de persona | Ares, Berta, |
| Fechas asociadas al nombre | 1955- |
| 9 (RLIN) | 143886 |
| 245 10 - MENCIÓN DEL TÍTULO | |
| Título | Silencio-Luz |
| Resto del título | : [exposición] / |
| Mención de responsabilidad, etc. | Berta Ares ; [texto, Mercedes Rozas]. |
| 260 ## - PUBLICACIÓN, DISTRIBUCIÓN, ETC. | |
| Lugar de publicación, distribución, etc. | [Santiago de Compostela] : |
| Nombre del editor, distribuidor, etc. | Fundación Gonzalo Torrente Ballester, |
| Fecha de publicación, distribución, etc. | [2005] |
| 300 ## - DESCRIPCIÓN FÍSICA | |
| Extensión | 35 p. : |
| Otras características físicas | principalmente il. col. ; |
| Dimensiones | 23 cm. |
| 546 ## - NOTA DE IDIOMA | |
| Nota de lengua/lenguaje | Texto en gallego y castellano. |
| 600 17 - PUNTO DE ACCESO ADICIONAL DE MATERIA--NOMBRE DE PERSONA | |
| Nombre de persona | Ares, Berta, |
| Fechas asociadas al nombre | 1955- |
| Subdivisión de forma | Exposiciones |
| Fuente del encabezamiento o término | |
| 9 (RLIN) | 143887 |
| 655 #7 - TERMINO DE INDIZACIÓN--GENERO/FORMA | |
| Fuente del término | tgfbne |
| 9 (RLIN) | 193628 |
| Datos o término principal de género/forma | Catálogos de exposiciones |
| 700 1# - ENTRADA AGREGADA--NOMBRE PERSONAL | |
| Nombre de persona | Rozas, Mercedes. |
| 9 (RLIN) | 143884 |
| 710 2# - ENTRADA AGREGADA--NOMBRE DE ENTIDAD CORPORATIVA | |
| Nombre de entidad corporativa o nombre de jurisdicción como elemento de entrada | Fundación Gonzalo Torrente Ballester. |
| 9 (RLIN) | 143885 |
| 852 ## - LOCALIZACIÓN | |
| Ubicación | ES-MaACL |
| Número de control de estantería | 2285-F-5 |
| 942 ## - ELEMENTOS DE ENTRADA SECUNDARIOS (KOHA) | |
| Fuente del sistema de clasificación o colocación | Clasificación decimal universal |
| Estatus retirado | Estado de pérdida | Estado de daño | No para préstamo | Colección | Biblioteca de origen | Biblioteca actual | Ubicación en estantería | Fecha de adquisición | Fuente de adquisición | Total de préstamos | Signatura topográfica completa | Código de barras | Visto por última vez | Precio de reemplazo | Tipo de ítem Koha |
|---|---|---|---|---|---|---|---|---|---|---|---|---|---|---|---|
| Colección de folletos | Biblioteca del Ateneo de Madrid | Biblioteca del Ateneo de Madrid | Depósito folletos | 10/11/2010 | 2285-F-5 | 1184384 | 23/02/2023 | 23/02/2023 | Folleto |
